000 00881nam a22002657a 4500
003 DO-SdBPM
005 20250321090020.0
008 161202b2006 sp a| 00| 0 spa d
020 _a9788498202953
040 _aDO-SdBPM
_bspa
_cBPMSU
082 4 _a863.6
_bL864g 2006
_222
100 1 _aBaró, Gerardo
245 1 0 _aGarbancito /
_canónimo; Emilio López ; ilustración Gerardo Baró ; revisión y corrección Carlos García
260 _aBarcelona :
_bEl Páis,
_c2006.
300 _a41 p. :
_bil. ;
_c20 cm.
490 0 _aCuentos infantiles,
_v1
500 _aPara leer, jugar y aprender
590 _aInventariado, 2025/VM
650 4 _aCuentos infantiles españoles
650 4 _aAventuras
_vCuentos infantiles
650 4 _alibros ilustrados para niños
700 1 _aBaró, Gerardo,
_eilustrados
910 _aVMateo V. Control de calidad. BPMSU
942 _2ddc
_cBK
999 _c12229
_d12229